Sujets de la fédération de Russie avec une carte - Statistiques

Statistiques générales
  • Ce quiz a été pris 21 955 fois
    21 546 depuis la dernière actualisation
  • Le résultat moyen est 26 sur 85
Réponses sur la Carte
Les réponses sont colorées sur une échelle allant du rouge au vert en fonction du pourcentage des utilisateurs qui les ont devinées à leur premier essai. Vous pouvez retrouver ces pourcentages ci-dessous.
 
Statistiques - réponses
Type de sujet Sujet % Correct
Oblast Moscou
93%
Ville fédérale Moscou
93%
Ville fédérale Saint-Pétersbourg
82%
République Crimée
73%
République Tchétchénie
68%
Oblast Kaliningrad
65%
République Sakha
52%
République Daghestan
50%
Ville fédérale Sébastopol
50%
Kraï Kamtchatka
47%
Oblast Volgograd
46%
Oblast Mourmansk
44%
Oblast Sakhaline
43%
Oblast Rostov
42%
République Carélie
40%
République Ossétie du Nord-Alanie
40%
Oblast Nijni Novgorod
38%
Oblast Amour
37%
Oblast Léningrad
37%
Oblast Novgorod
37%
Kraï Krasnodar
36%
Oblast Omsk
34%
Oblast autonome Birobidjan
33%
République Tatarstan
33%
Oblast Irkoutsk
32%
Kraï Perm
32%
République Altaï
31%
Kraï Altaï
31%
Oblast Arkhangelsk
31%
République Ingouchie
31%
Oblast Novossibirsk
31%
Oblast Koursk
30%
Kraï Krasnoïarsk
30%
Oblast Vladimir
29%
Oblast Belgorod
28%
Oblast Samara
28%
Oblast Tomsk
28%
République Adyguée
27%
Oblast Astrakhan
27%
Oblast Smolensk
27%
Okroug/District autonome Nénétsie
26%
Oblast Pskov
26%
République Touva
26%
République Bouriatie
25%
Oblast Tver
25%
Oblast Voronej
25%
Oblast Briansk
24%
Oblast Magadan
24%
République Komis
23%
Oblast Toula
23%
République Bachkirie
22%
Oblast Orenbourg
22%
Kraï Primorié
22%
Oblast Saratov
22%
Oblast Tcheliabinsk
22%
République Kalmoukie
21%
Kraï Khabarovsk
21%
République Maris
21%
Oblast Orel
21%
Oblast Riazan
21%
Kraï Stavropol
21%
Okroug/District autonome Iamalie
20%
Okroug/District autonome Tchoukotka
20%
Kraï Transbaïkalie
20%
Oblast Vologda
20%
Oblast Iaroslavl
19%
République Karatchaïévo-Tcherkessie
19%
Oblast Kirov
19%
République Mordovie
19%
République Oudmourtie
19%
Oblast Tioumen
19%
Oblast Ivanovo
18%
République Kabardino-Balkarie
18%
Oblast Kalouga
18%
Okroug/District autonome Khantys-Mansis
18%
République Tchouvachie
18%
Oblast Kemerovo
17%
République Khakassie
17%
Oblast Lipetsk
17%
Oblast Penza
17%
Oblast Tambov
17%
Oblast Oulianovsk
16%
Oblast Sverdlovsk
16%
Oblast Kostroma
15%
Oblast Kourgan
15%
Aucun quiz correspondant
Distribution des résultats
% des personnes avec chaque résultat
Percentile par nombre de réponses
Votre historique - résultats
Vous n’avez pas pris ce quiz depuis la dernière actualisation